Spanish vocab week 19 - Statistics

General Stats
  • This quiz has been taken 11 times
  • The average score is 23 of 72
Answer Stats
Hint Answer % Correct
to admire admirar
67%
catholic católico
67%
to believe creer
67%
body el cuerpo
67%
building el edificio
67%
miracle el milagro
67%
weight el peso
67%
cross la cruz
67%
hope la esperanza
67%
faith la fe
67%
to free liberar
67%
religious religioso
67%
sacred sagrado
67%
decorated adornado
33%
walking andante
33%
to cancel cancelar
33%
to carry cargar
33%
to celebrate celebrar
33%
to commemorate conmemorar
33%
believable creíble
33%
to declare declarar
33%
to parade desfilar
33%
to enjoy disfrutar
33%
altar el altar
33%
singing el canto
33%
carrier el costalero
33%
procession/parade el desfile
33%
piece of wood el madero
33%
engine el motor
33%
sinner el pecador
33%
prisoner el preso
33%
emotional emotivo
33%
to rehearse ensayar
33%
extreme extremo
33%
firmly fijamente
33%
atmosphere la atmósfera
33%
halo la aureola
33%
music band la banda
33%
blessing la bendición
33%
cape la capa
33%
controversy la controversia
33%
crown la corona
33%
farce la farsa
33%
badge la insignia
33%
arrival la llegada
33%
mass la misa
33%
nun la monja
33%
to cry llorar
33%
to get wet mojarse
33%
ostentatious/showy ostentoso
33%
to walk pasear
33%
to sin pecar
33%
to carry out realizar
33%
to respect respetar
33%
respectful respetuoso
33%
astonished asombrado
0%
true cierto
0%
to clean up colocar
0%
barefoot descalzo
0%
heavenly divino
0%
remorse/regret el arrepentimiento
0%
old quarter el casco antiguo
0%
canopy el palio
0%
inmate el recluso
0%
wax la cera
0%
rope la cuerda
0%
figure/statue la figura
0%
secular/lay laico
0%
prayer la oración
0%
sacred song la saeta
0%
retreat recogimiento
0%
to pray rezar
0%
No matching quizzes found
Score Distribution
Percent of People with Each Score
Percentile by Number Answered
Your Score History
You have not taken this quiz